[Event "Dhaka Zia Memorial"]
[Site "Dhaka"]
[Date "2025.07.09"]
[Round "7"]
[White "Nasim Hossain, Bhuiyan"]
[Black "Md Rabiul, Hossain"]
[Result "1-0"]
[WhiteElo "1934"]
[BlackElo "1902"]
[PlyCount "77"]
[EventDate "2025.07.05"]
[EventType "swiss"]
[EventRounds "9"]
[EventCountry "BAN"]
[SourceTitle "CB29_2025"]
[SourceDate "2025.07.16"]
[SourceVersion "1"]
[SourceVersionDate "2025.07.16"]
[SourceQuality "1"]

1. d4 Nf6 2. g3 c5 3. c3 e6 4. Bg2 d5 5. Nf3 Nc6 6. 0-0 b6 7. Bf4 Bd6 8. e3 0-0 9. Nbd2 Bb7 10. Rc1 Ba6 11. Re1 Bd3 12. h3 h6 13. Ne5 Bxe5 14. Bxe5 Nxe5 15. dxe5 Nd7 16. f4 Rc8 17. e4 c4 18. exd5 Nc5 19. d6 Qd7 20. b4 cxb3 21. Nxb3 Ba6 22. Nxc5 Rxc5 23. Re3 f5 24. Qf3 Qa4 25. Qd1 Qa3 26. Qd2 g5 27. Kh2 gxf4 28. gxf4 Qa4 29. Rg1 Kh7 30. Rg3 Rf7 31. Bf3 Bb5 32. Bh5 Rf8 33. Rg7+ Kh8 34. R7g6 Rf7 35. Rg8+ Kh7 36. Bxf7 h5 37. Bxe6 Qe4 38. R8g7+ Kh8 39. Bg8 1-0

[Event "Dhaka op"]
[Site "Dhaka"]
[Date "2024.01.16"]
[Round "2"]
[White "Subrota, Biswas"]
[Black "Nasim Hossain, Bhuiyan"]
[Result "1/2-1/2"]
[WhiteElo "2223"]
[BlackElo "1812"]
[PlyCount "71"]
[EventDate "2024.01.15"]
[EventType "swiss"]
[EventRounds "9"]
[EventCountry "BAN"]
[SourceTitle "CBM 218 Extra"]
[Source "ChessBase"]
[SourceDate "2024.03.31"]
[SourceVersion "1"]
[SourceVersionDate "2024.03.31"]
[SourceQuality "1"]

1. d4 d5 2. c4 e6 3. Nf3 Nf6 4. g3 Bb4+ 5. Bd2 Be7 6. Bg2 0-0 7. 0-0 c6 8. Qc2 Nbd7 9. Bf4 c5 10. dxc5 Bxc5 11. cxd5 Nxd5 12. Ng5 g6 13. Ne4 Nxf4 14. gxf4 Bd4 15. Rd1 Qb6 16. Nbc3 Bg7 17. Na4 Qa5 18. Nd6 Nf6 19. Nc5 Rb8 20. e3 b6 21. b4 Qxb4 22. Rab1 Qa3 23. Rb3 Qa5 24. Rb5 Qa3 25. Rd3 Qxc5 26. Qxc5 bxc5 27. Rxb8 Ba6 28. Rxf8+ Bxf8 29. Ra3 Be2 30. Ne4 Nxe4 31. Bxe4 a6 32. Rc3 Bb5 33. Bc2 c4 34. a4 Bb4 35. axb5 axb5 36. Ba4 1/2-1/2

[Event "Asia zt 3.2"]
[Site "Dhaka"]
[Date "2023.05.08"]
[Round "7"]
[White "Nasim Hossain, Bhuiyan"]
[Black "Hanif, Mollah"]
[Result "1-0"]
[WhiteElo "1790"]
[BlackElo "1605"]
[PlyCount "93"]
[EventDate "2023.05.02"]
[EventType "swiss"]
[EventRounds "9"]
[EventCountry "BAN"]
[SourceTitle "CBM 214 Extra"]
[Source "ChessBase"]
[SourceDate "2023.07.31"]
[SourceVersion "1"]
[SourceVersionDate "2023.07.31"]
[SourceQuality "1"]

1. d4 d5 2. Bf4 Nf6 3. e3 Bf5 4. Nf3 e6 5. Nbd2 Nbd7 6. Be2 Be7 7. h3 h6 8. 0-0 0-0 9. c3 c5 10. Re1 Re8 11. Nf1 Ne4 12. N3d2 Ndf6 13. Nxe4 Nxe4 14. Nd2 c4 15. Nxe4 Bxe4 16. f3 Bh7 17. e4 dxe4 18. Bxc4 exf3 19. Qxf3 Qd7 20. Re5 a6 21. Rae1 Bd6 22. R5e3 Bxf4 23. Qxf4 Qc6 24. Bb3 Bg6 25. Qg4 Bf5 26. Qf4 Bg6 27. Re5 Qc7 28. Qe3 Red8 29. Qg3 Bf5 30. Qf4 Bg6 31. Qf2 b6 32. Qg3 Kh7 33. Qf3 Rac8 34. h4 Kh8 35. h5 Bh7 36. Rf1 Rd7 37. Rfe1 Rdd8 38. R5e2 Qd7 39. Rf2 Bg8 40. Qe3 b5 41. Rf3 a5 42. Ref1 a4 43. Bc2 b4 44. Qd3 bxc3 45. bxc3 a3 46. Rxf7 Rxc3 47. Rxd7 1-0

[Event "Asia zt 3.2"]
[Site "Dhaka"]
[Date "2023.05.03"]
[Round "2"]
[White "Mohammad, Minhaz Uddin"]
[Black "Nasim Hossain, Bhuiyan"]
[Result "1-0"]
[WhiteElo "2228"]
[BlackElo "1790"]
[PlyCount "69"]
[EventDate "2023.05.02"]
[EventType "swiss"]
[EventRounds "9"]
[EventCountry "BAN"]
[SourceTitle "CBM 214 Extra"]
[Source "ChessBase"]
[SourceDate "2023.07.31"]
[SourceVersion "1"]
[SourceVersionDate "2023.07.31"]
[SourceQuality "1"]

1. e4 e6 2. d4 d5 3. Nd2 c5 4. dxc5 Bxc5 5. Bd3 Nf6 6. Qe2 Nc6 7. Ngf3 a6 8. 0-0 Nb4 9. e5 Nd7 10. Nb3 Be7 11. Nfd4 Nxd3 12. cxd3 0-0 13. Bd2 Nc5 14. Rfc1 Nxb3 15. Nxb3 Bd7 16. Qe3 b6 17. Bc3 a5 18. Bd4 Rb8 19. a3 a4 20. Nd2 Bb5 21. Rc2 Bd7 22. Rac1 Rb7 23. f4 Qb8 24. Nf3 h6 25. g3 b5 26. g4 b4 27. axb4 Rxb4 28. Rg2 Rb3 29. f5 Bb5 30. Rd1 Ba6 31. f6 Bb4 32. g5 g6 33. gxh6 Qb5 34. h7+ Kxh7 35. Ng5+ 1-0

[Event "Dhaka Metropolis op U2100"]
[Site "Dhaka"]
[Date "2022.10.24"]
[Round "8"]
[White "Nasim Hossain, Bhuiyan"]
[Black "Shawket Bin, Osman Shaon"]
[Result "0-1"]
[WhiteElo "1782"]
[BlackElo "2071"]
[PlyCount "88"]
[EventDate "2022.10.17"]
[EventType "swiss"]
[EventRounds "9"]
[EventCountry "BAN"]
[SourceTitle "EXT 2024"]
[Source "ChessBase"]
[SourceDate "2023.10.10"]
[SourceVersion "1"]
[SourceVersionDate "2023.10.10"]
[SourceQuality "1"]

1. d4 d5 2. c4 c6 3. Nc3 Nf6 4. Nf3 dxc4 5. a4 Bf5 6. Ne5 Nbd7 7. Nxc4 e6 8. Bf4 Nb6 9. e3 Bb4 10. Qb3 a5 11. Be2 Ne4 12. Nxb6 Qxb6 13. Qc4 Bxc3+ 14. bxc3 Qb2 15. 0-0 Nd2 16. Qa2 Qxa2 17. Rxa2 Nxf1 18. Bxf1 Kd7 19. f3 Rad8 20. h4 f6 21. h5 g5 22. Bh2 h6 23. g4 Bh7 24. Bc4 Rhe8 25. Rb2 Kc8 26. e4 f5 27. gxf5 exf5 28. e5 f4 29. Kg2 Bg8 30. Bxg8 Rxg8 31. Kh3 Rd5 32. Bg1 b5 33. c4 bxc4 34. Rc2 Kd7 35. Rxc4 Rb8 36. Kg4 c5 37. dxc5 Rxe5 38. Bd4 Rd5 39. Bg7 Rb1 40. c6+ Kc8 41. Kh3 Rg1 42. Kh2 Rg3 43. Rc2 g4 44. fxg4 Rxg4 0-1

[Event "Dhaka Marcel op"]
[Site "Dhaka"]
[Date "2022.04.20"]
[Round "2"]
[White "Nasim Hossain, Bhuiyan"]
[Black "Islam, Zahirul"]
[Result "1-0"]
[WhiteElo "1871"]
[BlackElo "1848"]
[PlyCount "53"]
[EventDate "2022.04.19"]
[EventType "swiss"]
[EventRounds "9"]
[EventCountry "BAN"]
[SourceTitle "EXT 2023"]
[Source "ChessBase"]
[SourceDate "2022.10.05"]
[SourceVersion "1"]
[SourceVersionDate "2022.10.05"]
[SourceQuality "1"]

1. e4 e6 2. d3 d5 3. exd5 exd5 4. Ne2 Bd6 5. Ng3 Ne7 6. Be2 0-0 7. f4 Nbc6 8. c3 Nf5 9. Nxf5 Bxf5 10. 0-0 Re8 11. Bf3 Ne7 12. g4 Bd7 13. f5 c5 14. Qc2 Bc6 15. Qg2 d4 16. Be4 Be5 17. g5 dxc3 18. Nxc3 f6 19. Be3 Qd6 20. gxf6 Bxf6 21. Rae1 Rad8 22. Bxc6 Qxc6 23. Qxc6 Nxc6 24. Bxc5 Rxe1 25. Rxe1 Bxc3 26. bxc3 Rxd3 27. Re8+ 1-0

[Event "Dhaka Bangabandhu op-B"]
[Site "Dhaka"]
[Date "2021.03.16"]
[Round "8"]
[White "Nasim Hossain, Bhuiyan"]
[Black "Md Sajidul, Haque"]
[Result "1-0"]
[WhiteElo "1863"]
[BlackElo "1713"]
[PlyCount "137"]
[EventDate "2021.03.09"]
[EventType "swiss"]
[EventRounds "9"]
[EventCountry "BAN"]
[SourceTitle "CBM 201 Extra"]
[Source "ChessBase"]
[SourceDate "2021.05.31"]
[SourceVersion "1"]
[SourceVersionDate "2021.05.31"]
[SourceQuality "1"]

1. c4 c6 2. Nc3 d5 3. e3 Nf6 4. d4 e6 5. Nf3 Nbd7 6. Bd3 dxc4 7. Bxc4 b5 8. Bd3 Bb7 9. 0-0 a6 10. Re1 Be7 11. e4 c5 12. d5 e5 13. Bc2 Bd6 14. Ne2 0-0 15. Ng3 Ne8 16. Bg5 f6 17. Be3 Nb6 18. h4 a5 19. h5 a4 20. Nh4 a3 21. b3 Ba6 22. Qg4 Ra7 23. Ngf5 Kh8 24. Ng6+ Kg8 25. Nxf8 Bxf8 26. Rad1 Bc8 27. Qf3 Bxf5 28. Qxf5 Bd6 29. g4 Qd7 30. b4 Rc7 31. bxc5 Qxf5 32. gxf5 Bxc5 33. Bxc5 Rxc5 34. Bb3 Nd6 35. f3 h6 36. Rc1 Nbc4 37. Kf2 Kf7 38. Ke2 Ke7 39. Rc3 Rc7 40. Rec1 Ra7 41. Kd3 Nb2+ 42. Ke3 Kd7 43. Rc6 Rb7 44. Ra6 Nbc4+ 45. Ke2 Rc7 46. Rg1 Ke8 47. Ra8+ Kf7 48. Rc1 Ke7 49. Rxa3 Ke8 50. Ra8+ Ke7 51. Ra6 Kd7 52. Rg1 Ne8 53. Rc1 Ned6 54. a4 bxa4 55. Bxa4+ Ke7 56. Bc6 Nb2 57. Ra8 Nbc4 58. Rg1 Kf7 59. Rd8 Ra7 60. Rd7+ Rxd7 61. Bxd7 Na5 62. Rc1 Nab7 63. Rc7 Kg8 64. Bc8 Nd8 65. Be6+ Kh7 66. Ra7 N6b7 67. Ra8 Kh8 68. Bd7 Kh7 69. Bc6 1-0

[Event "BAN-chT2 Borsho 2nd"]
[Site "Bangladesh"]
[Date "2021.01.25"]
[Round "6.1"]
[White "Nasim Hossain, Bhuiyan"]
[Black "Masud, Rana2"]
[Result "1-0"]
[WhiteElo "1865"]
[BlackElo "1678"]
[PlyCount "54"]
[EventDate "2021.01.20"]
[EventType "team-tourn"]
[EventRounds "9"]
[EventCountry "BAN"]
[SourceTitle "CBM 200 Extra"]
[Source "ChessBase"]
[SourceDate "2021.03.31"]
[SourceVersion "1"]
[SourceVersionDate "2021.03.31"]
[SourceQuality "1"]
[WhiteTeam "Legend Faraz Ayaiz"]
[BlackTeam "Rangpur Players Kollan Somiti"]
[WhiteTeamCountry "BAN"]
[BlackTeamCountry "BAN"]

1. d4 d5 2. c4 Nf6 3. Nc3 c6 4. cxd5 cxd5 5. g3 g6 6. Bg2 Bg7 7. Nf3 0-0 8. 0-0 Nc6 9. Bg5 Qb6 10. Bxf6 exf6 11. b3 Be6 12. Na4 Qd8 13. Rc1 Rc8 14. Qd2 b6 15. Rc3 Qd7 16. Rfc1 Na5 17. Ne1 Rxc3 18. Qxc3 Qb5 19. Qd3 Qb4 20. Nc2 Qd6 21. Nc3 f5 22. Ne3 f4 23. Nexd5 fxg3 24. hxg3 Rc8 25. Rd1 Nc6 26. e3 f5 27. Rc1 Kf7 1-0

[Event "BAN-chT2 Borsho 2nd"]
[Site "Bangladesh"]
[Date "2021.01.20"]
[Round "1.1"]
[White "Md Ali, Ahad"]
[Black "Nasim Hossain, Bhuiyan"]
[Result "0-1"]
[WhiteElo "1495"]
[BlackElo "1865"]
[PlyCount "97"]
[EventDate "2021.01.20"]
[EventType "team-tourn"]
[EventRounds "9"]
[EventCountry "BAN"]
[SourceTitle "CBM 200 Extra"]
[Source "ChessBase"]
[SourceDate "2021.03.31"]
[SourceVersion "1"]
[SourceVersionDate "2021.03.31"]
[SourceQuality "1"]
[WhiteTeam "Masud Sports"]
[BlackTeam "Legend Faraz Ayaiz"]
[WhiteTeamCountry "BAN"]
[BlackTeamCountry "BAN"]

1. d4 d5 2. e3 g6 3. Nf3 Bg7 4. Nc3 Nf6 5. h3 Nbd7 6. Ne5 0-0 7. Be2 c6 8. f4 e6 9. b3 Ne8 10. 0-0 f6 11. Ba3 fxe5 12. Bxf8 Nxf8 13. fxe5 c5 14. Bd3 Bd7 15. Qf3 Qe7 16. Rf2 cxd4 17. exd4 Nc7 18. Raf1 Be8 19. a4 a6 20. Nd1 b5 21. axb5 axb5 22. Ne3 h5 23. g4 h4 24. g5 Nh7 25. Rg2 Nxg5 26. Rxg5 Qxg5+ 27. Kh2 Qg3+ 28. Qxg3 hxg3+ 29. Kxg3 b4 30. Ng4 Bb5 31. Rf3 Bxd3 32. Rxd3 Nb5 33. Kh4 Rc8 34. Rd2 Nc3 35. Rg2 Kh7 36. Rf2 Ne4 37. Rf7 Kg8 38. Re7 Rc3 39. Rxe6 Rxh3+ 40. Kxh3 Ng5+ 41. Kh4 Nxe6 42. Ne3 Nxd4 43. Nxd5 Nxc2 44. e6 Bh6 45. Ne7+ Kh7 46. Nd5 Kg7 47. Kg3 Bd2 48. Kf2 Nd4 49. e7 0-1

[Event "Dhaka Marcel 1st Division"]
[Site "Dhaka"]
[Date "2019.11.19"]
[Round "8.4"]
[White "Nasim Hossain, Bhuiyan"]
[Black "Avik, Sarker"]
[Result "0-1"]
[WhiteElo "1801"]
[BlackElo "1980"]
[PlyCount "80"]
[EventDate "2019.11.12"]
[EventType "team-tourn"]
[EventRounds "9"]
[EventCountry "BAN"]
[SourceTitle "CBM 193 Extra"]
[Source "ChessBase"]
[SourceDate "2020.01.31"]
[SourceVersion "1"]
[SourceVersionDate "2020.01.31"]
[SourceQuality "1"]
[WhiteTeam "Legend Faraz Ayaiz"]
[BlackTeam "Shahin CC"]
[WhiteTeamCountry "BAN"]
[BlackTeamCountry "BAN"]

1. e4 e5 2. Nf3 Nf6 3. Nxe5 d6 4. Nf3 Nxe4 5. d4 d5 6. Bd3 Bd6 7. 0-0 0-0 8. c4 c6 9. Nc3 Nxc3 10. bxc3 dxc4 11. Bxc4 Bf5 12. Bg5 Qa5 13. Qd2 Bg4 14. Nh4 h6 15. Bxh6 gxh6 16. Qxh6 Qh5 17. Qxd6 Qxh4 18. Rfe1 Nd7 19. f3 Bf5 20. g4 Be6 21. Bxe6 fxe6 22. Qxd7 Rxf3 23. Qxe6+ Kh8 24. Qe5+ Kg8 25. Qe6+ Kh8 26. Re5 Qf2+ 27. Kh1 Rh3 28. Rh5+ Rxh5 29. gxh5 Qf3+ 30. Kg1 Rg8+ 31. Qxg8+ Kxg8 32. Rf1 Qxc3 33. Kg2 Qxd4 34. Kg3 c5 35. Rf4 Qg1+ 36. Kh4 Qxh2+ 37. Kg5 Qxa2 38. Rf6 Qg2+ 39. Kf5 Qf3+ 40. Kg5 Qxf6+ 0-1

[Event "Dhaka Marcel 1st Division"]
[Site "Dhaka"]
[Date "2019.11.16"]
[Round "5.4"]
[White "Islam, Sheik Md Khairul"]
[Black "Nasim Hossain, Bhuiyan"]
[Result "1-0"]
[WhiteElo "1966"]
[BlackElo "1801"]
[PlyCount "30"]
[EventDate "2019.11.12"]
[EventType "team-tourn"]
[EventRounds "9"]
[EventCountry "BAN"]
[SourceTitle "CBM 193 Extra"]
[Source "ChessBase"]
[SourceDate "2020.01.31"]
[SourceVersion "1"]
[SourceVersionDate "2020.01.31"]
[SourceQuality "1"]
[WhiteTeam "Leonine CC"]
[BlackTeam "Legend Faraz Ayaiz"]
[WhiteTeamCountry "BAN"]
[BlackTeamCountry "BAN"]

1. e4 e5 2. Nf3 Nc6 3. Bc4 Nf6 4. d3 Be7 5. 0-0 0-0 6. c3 d5 7. exd5 Nxd5 8. Re1 Nb6 9. Bb3 Bg4 10. Qe2 Bf6 11. Nbd2 g6 12. h3 Bf5 13. Ne4 Bg7 14. Bg5 Qc8 15. Qe3 Nd7 1-0